书目信息 |
| 书名: | On contradiction | |
| 作者: | ||
| 分册号: | ||
| 分册名: | 出版地: | PEKING : |
|
| 出版社: | foreign languages press | |
| 出版时间: | 1965. | |
| 页数: | 53 p. ; | |
| 开本: | 21 cm. | |
| 丛书名: | ||
| 中图分类号: | ||
| 科图分类号: | ||
| 其他分类号: | A424 | |
| 主题词: | ||
| 电子资源: | ||
| 000 | 00755cam a22002651 450 | |
| 001 | E0734703749 | |
| 005 | 20070305101519.28 | |
| 008 | 720801s1965 000 0 eng | |
| 010 | @a53002485 | |
| 035 | @a(OCoLC)370947 | |
| 035 | @A(DLC) 53002485 | |
| 040 | @aDLC@cODaWU@dOCoLC@dICIU@dDLC | |
| 050 | 00 | @aB809.8@b.M313 1953 |
| 082 | 00 | @a335.4/112 |
| 090 | @aA424 | |
| 099 | @dA424@ex3 | |
| 100 | 1 | @aMao, Tse-tung,@d1893-1976. |
| 245 | 10 | @aOn contradiction. |
| 250 | @a5th ed. | |
| 260 | @aPEKING :@bforeign languages press,@c1965. | |
| 300 | @a53 p. ;@c21 cm. | |
| 650 | 0 | @aDialectical materialism. |
| 906 | @a7@bcbc@coclcrpl@du@encip@f19@gy-gencatlg | |
| 985 | @eOCLC REPLACEMENT | |
| 991 | @bc-GenColl@hB809.8@i.M313 1953@tCopy 1@wOCLCREP | |
| On contradiction.-5th ed.-PEKING : : foreign languages press, , 1965. |
| 53 p. ; ; 21 cm. |
| ISBN |
| ● |
| 相关链接 |
|
|
|
|
正题名:On contradiction
索取号:A424/x3
 
预约/预借
| 序号 | 登录号 | 条形码 | 馆藏地/架位号 | 状态 | 备注 |
| 1 | 000012 | 300000120 | 第四借阅区/ [索取号:A424/x3] | 在馆 |